[Event "Stuttgarter SF 2 - SC Weiße Dame Ulm 1"]
[Site "?"]
[Date "2021.10.31"]
[Round "2.7"]
[White "Schmid, Dominik"]
[Black "Gerstenberger, Heinz"]
[Result "0-1"]
[WhiteElo "1986"]
[BlackElo "2102"]
[PlyCount "142"]
[EventDate "2021.??.??"]

1. c4 Nf6 2. Nf3 g6 3. d4 Bg7 4. g3 c6 5. Bg2 d5 6. Qb3 O-O 7. O-O Nbd7 8. cxd5
cxd5 9. Nc3 Nb6 10. a4 e6 11. Bf4 Nh5 12. Bg5 f6 13. Bc1 f5 14. Bg5 Nf6 15. Ne5
a6 16. a5 Nbd7 17. Nxd5 exd5 18. Bxd5+ Kh8 19. Nf7+ Rxf7 20. Bxf7 Qf8 21. Bxf6
Nxf6 22. e3 Rb8 23. Rfc1 Bd7 24. Be6 Qd6 25. Bxd7 Qxd7 26. Rc5 Ne4 27. Rc2 Nd6
28. Qd5 Rd8 29. Rac1 Bf6 30. Rc7 Qe8 31. Qf3 Rd7 32. Rxd7 Qxd7 33. Qd5 Qe7 34.
Rc3 Kg7 35. f3 Nb5 36. Rb3 Qc7 37. Qc5 Qxa5 38. Qb4 Qa1+ 39. Kg2 Qd1 40. Qc4
Qd2+ 41. Kh1 Qf2 42. Qd3 Qxf3+ 43. Kg1 Qd5 44. Rb4 h5 45. Rc4 h4 46. gxh4 Bxh4
47. Rc2 Bf6 48. Rc5 Qf3 49. Qd2 Bg5 50. Re5 Bf6 51. Re8 f4 52. Qb4 Kh6 53. Qf8+
Bg7 54. Qc5 fxe3 55. h4 Qf2+ 56. Kh1 Qxh4+ 57. Kg2 Qg4+ 58. Kf1 Qf3+ 59. Kg1 e2
60. Qe7 Bxd4+ 61. Kh2 Qf4+ 62. Kh3 Qf5+ 63. Kg2 Qg4+ 64. Kh2 Qg1+ 65. Kh3 Qh1+
66. Kg4 Qg2+ 67. Kf4 Qf2+ 68. Kg4 Qf5+ 69. Kg3 Bf2+ 70. Kg2 e1=N+ 71. Kh1 Qh3#
0-1

[Event "TSV Schönaich 2 - SV Nürtingen"]
[Site "?"]
[Date "2021.10.31"]
[Round "2.3"]
[White "Mareck, Sascha"]
[Black "Lorscheid, Gerhard"]
[Result "1/2-1/2"]
[WhiteElo "2124"]
[BlackElo "2170"]
[PlyCount "40"]
[EventDate "2021.??.??"]

1. d4 d6 2. c4 e5 3. Nf3 e4 4. Ng5 f5 5. Nc3 Be7 6. h4 Nf6 7. Nh3 O-O 8. Bg5 h6
9. Bxf6 Bxf6 10. Nf4 Nc6 11. e3 Ne7 12. Qb3 c6 13. O-O-O Kh7 14. f3 exf3 15.
gxf3 Ng8 16. Ng2 Be6 17. Qc2 Bd7 18. Bd3 Ne7 19. Nf4 Qa5 20. Kb1 Rae8 1/2-1/2

[Event "TSV Schönaich 2 - SV Nürtingen"]
[Site "?"]
[Date "2021.10.31"]
[Round "2.4"]
[White "Brunner, Jan"]
[Black "Schwarz, Arnd-Ruediger"]
[Result "1/2-1/2"]
[WhiteElo "2158"]
[BlackElo "2138"]
[PlyCount "70"]
[EventDate "2021.??.??"]

1. d4 Nf6 2. c4 g6 3. f3 Bg7 4. e4 d6 5. Nc3 O-O 6. Bg5 a6 7. Qd2 Nbd7 8. Nh3
c5 9. d5 Ne5 10. Nf2 b5 11. cxb5 Qa5 12. Be2 axb5 13. Nxb5 Bd7 14. Qxa5 Rxa5
15. Nc3 Rb8 16. Rb1 h6 17. Bd2 g5 18. O-O Ra7 19. b3 Rb4 20. a4 Rb8 21. Nb5
Rab7 22. Bc3 Ne8 23. Rfc1 Nc7 24. Nxc7 Rxc7 25. Nd3 Nxd3 26. Bxd3 Rcb7 27. Bxg7
Kxg7 28. Bc2 Kf6 29. Kf2 Ke5 30. Ke3 f5 31. Rf1 f4+ 32. Kd3 Rb4 33. Kc3 e6 34.
Rfd1 h5 35. Ra1 Bc8 1/2-1/2

[Event "TSV Schönaich 2 - SV Nürtingen"]
[Site "?"]
[Date "2021.10.31"]
[Round "2.5"]
[White "Aring, Gerd"]
[Black "Schnadt, Florian"]
[Result "1/2-1/2"]
[WhiteElo "2212"]
[BlackElo "2050"]
[PlyCount "89"]
[EventDate "2021.??.??"]

1. d4 d5 2. c4 c6 3. Nf3 Nf6 4. Nc3 e6 5. g3 Nbd7 6. Bg2 Bd6 7. O-O O-O 8. Qd3
dxc4 9. Qxc4 e5 10. Rd1 exd4 11. Qxd4 Bc5 12. Qh4 Qe7 13. Bf4 Re8 14. Nd4 Nf8
15. Bg5 Ng6 16. Bxf6 gxf6 17. Qh6 f5 18. Bh3 Qf6 19. e3 f4 20. gxf4 Bxh3 21.
Qxh3 Nxf4 22. Qg4+ Qg6 23. Qxg6+ Nxg6 24. Nb3 Bb4 25. Rd7 b6 26. Rad1 Ne5 27.
Rc7 Bxc3 28. bxc3 Rec8 29. Rxc8+ Rxc8 30. Kg2 c5 31. f4 Nc4 32. Kf3 Kf8 33. Rd7
a5 34. Nd2 Nxd2+ 35. Rxd2 b5 36. Rd5 b4 37. Ke2 Ke7 38. Kd3 c4+ 39. Kc2 Rg8 40.
Rxa5 Rg2+ 41. Kc1 Rg1+ 42. Kc2 Rg2+ 43. Kd1 Rg1+ 44. Kd2 Rg2+ 45. Kd1 1/2-1/2

[Event "TSV Schönaich 2 - SV Nürtingen"]
[Site "?"]
[Date "2021.10.31"]
[Round "2.6"]
[White "Kuebler, Marcus"]
[Black "Gold, Stefan"]
[Result "1-0"]
[WhiteElo "1966"]
[BlackElo "2005"]
[PlyCount "143"]
[EventDate "2021.??.??"]

1. d4 Nf6 2. c4 e6 3. g3 Bb4+ 4. Bd2 Qe7 5. Bg2 Bxd2+ 6. Nxd2 d5 7. Ngf3 O-O 8.
O-O c6 9. Qc2 Nbd7 10. e4 Nxe4 11. Nxe4 dxe4 12. Qxe4 Nf6 13. Qc2 Rd8 14. Rfe1
Qc7 15. Rad1 Bd7 16. Qc3 Rac8 17. b4 b5 18. Ne5 bxc4 19. Qxc4 Nd5 20. Rc1 Be8
21. Nd3 Nb6 22. Qc3 Na4 23. Qa1 Qd6 24. Nc5 Nxc5 25. dxc5 Qc7 26. Rcd1 a5 27.
a3 axb4 28. axb4 Rb8 29. Qc3 h6 30. h4 Rd7 31. Rxd7 Qxd7 32. Bf3 Qb7 33. Rb1
Qe7 34. Kg2 Qf6 35. Qxf6 gxf6 36. Kf1 Kf8 37. Ke1 Ke7 38. Kd2 Ra8 39. Rb2 Ra4
40. Bd1 Ra3 41. Bb3 Bd7 42. Kc3 Ra1 43. Ra2 Rc1+ 44. Bc2 Rf1 45. Bd3 Re1 46.
Ra7 Ke8 47. Ra8+ Ke7 48. Rh8 Ra1 49. Rb8 Ra2 50. Bc2 Ra3+ 51. Bb3 Ra1 52. Kd2
Rf1 53. Ke2 Rb1 54. Bc4 Rc1 55. Bd3 e5 56. f3 Ra1 57. g4 Rh1 58. h5 f5 59. gxf5
Rxh5 60. Rb7 Kd8 61. Be4 f6 62. Rb8+ Kc7 63. Rf8 Bxf5 64. Rf7+ Bd7 65. b5 f5
66. b6+ Kc8 67. b7+ Kb8 68. Bd3 e4 69. Ba6 exf3+ 70. Kxf3 Rh3+ 71. Kg2 Rb3 72.
Rxd7 1-0

[Event "TSV Schönaich 2 - SV Nürtingen"]
[Site "?"]
[Date "2021.10.31"]
[Round "2.7"]
[White "Doll, Michael"]
[Black "Stukenbrok, Nils"]
[Result "1-0"]
[WhiteElo "2157"]
[BlackElo "2054"]
[PlyCount "69"]
[EventDate "2021.??.??"]

1. d4 e6 2. Nf3 Nf6 3. e3 b6 4. Bd3 Bb7 5. O-O c5 6. c4 Nc6 7. Nc3 Be7 8. b3
cxd4 9. exd4 d5 10. Bb2 O-O 11. Rc1 Rc8 12. Qe2 Nb4 13. Bb1 dxc4 14. bxc4 Bxf3
15. gxf3 Qd6 16. Ne4 Qf4 17. Kh1 Rfd8 18. Rg1 Nc6 19. Rcd1 g6 20. Qe3 Qxe3 21.
fxe3 Na5 22. c5 Nc4 23. Bc1 Nxe4 24. fxe4 bxc5 25. d5 e5 26. Bd3 Nd6 27. Ba3 c4
28. Bc2 Nf5 29. Bc1 Nd6 30. Ba3 Nf5 31. Bc1 Ng7 32. Ba4 Ne8 33. Bxe8 Rxe8 34.
d6 c3 35. d7 1-0

[Event "TSV Schönaich 2 - SV Nürtingen"]
[Site "?"]
[Date "2021.10.31"]
[Round "2.8"]
[White "Kilinc, Can"]
[Black "Templin, Klaus-Dieter"]
[Result "0-1"]
[WhiteElo "1932"]
[BlackElo "2036"]
[PlyCount "112"]
[EventDate "2021.??.??"]

1. e4 e6 2. d4 d5 3. Nc3 Nf6 4. e5 Nfd7 5. f4 c5 6. Nf3 Nc6 7. Be3 a6 8. Qd2
cxd4 9. Nxd4 Bc5 10. O-O-O O-O 11. Kb1 Nxd4 12. Bxd4 Bxd4 13. Qxd4 b5 14. Bd3
Qe7 15. Rhe1 b4 16. Na4 a5 17. f5 Re8 18. Re3 exf5 19. Qxd5 Rb8 20. Bb5 Nf6 21.
exf6 Qxe3 22. Bxe8 Qxe8 23. Qxa5 Be6 24. b3 gxf6 25. Qc7 Rc8 26. Qd6 Qb5 27.
Qd3 Qc6 28. g3 Kg7 29. Kb2 Rc7 30. c4 bxc3+ 31. Qxc3 Qb7 32. Qe3 Qb5 33. Nc3
Qa5 34. Rc1 Rc8 35. Qf4 Ra8 36. Qa4 Qd8 37. Qf4 Qe7 38. Na4 Qa7 39. Rc7 Qa5 40.
Rc5 Qe1 41. Rc2 Qa5 42. Qc7 Qe5+ 43. Qxe5 fxe5 44. Nc5 Kf6 45. Rd2 h5 46. a4 h4
47. Kc3 hxg3 48. hxg3 Rg8 49. Rd3 Rc8 50. b4 e4 51. Rd1 Kg5 52. Rg1 Kg4 53. Kd4
Kf3 54. g4 Rd8+ 55. Ke5 fxg4 56. b5 Rd5+ 0-1